000 00238nam a2200097Ia 4500
008 240331s9999 xx 000 0 und d
082 _bWOR
100 _aSri Lanka Foundation. ed
245 0 _aWorker's participation in management
942 _cL
999 _c2365
_d2365